Taylor Swift - Fortnight (ft. Post Malone) (Lyrics) - Statistics

General Stats
  • This quiz has been taken 213 times
  • The average score is 267 of 325
Answer Stats
Answer % Correct
I
98%
for
97%
fortnight
97%
a
96%
an
96%
the
95%
The
95%
to
95%
and
94%
And
94%
my
94%
My
94%
you
94%
you,
94%
But
92%
but
92%
be
91%
we
91%
love
90%
me
90%
was
90%
her
89%
in
89%
it
89%
life
89%
on
89%
there,
89%
your
89%
Your
89%
kill
88%
ruining
88%
want
88%
were
88%
it's
87%
touch,
87%
touch
87%
supposed
86%
they
86%
only
85%
come
84%
no
84%
away
83%
get
83%
touched
83%
flowers,
82%
forgot
82%
what
82%
wife
81%
of
80%
forever
79%
is
79%
you're
79%
alcoholic
77%
sent
77%
about
76%
him
76%
into
75%
new
75%
Run
75%
'Til
75%
'til
75%
All
74%
this
74%
won't
74%
husband
73%
Florida,
72%
say,
72%
up
72%
up,
72%
aesthetic
71%
cheating,
71%
nobody
71%
noticed
71%
waters
70%
Move
69%
okay
69%
America
68%
hope
68%
one
68%
reason
68%
car
67%
good
67%
call
65%
February
65%
functioning
65%
lost
65%
Now
65%
pick
65%
endless
64%
sometimes,
64%
temporary
64%
ask
62%
treason?
62%
Another
61%
are
61%
buy
61%
quiet
61%
turned
61%
took
60%
Monday
59%
neighbors
59%
backyard
58%
here's
58%
miracle
58%
blame
57%
drug
57%
effects
57%
weather
57%
mornings
55%
stuck
55%
calling
54%
move-on
54%
at
52%
start
51%
ya,
51%
Thought
49%
mailbox
48%
together
45%
sweater
42%
running
38%
comment
37%
No matching quizzes found
Score Distribution
Percent of People with Each Score
Percentile by Number Answered
Your Score History
You have not taken this quiz